000
00492nam a2200169Ia 4500
008
090711s9999 xx 000 0 und d
082
_b
401
100
_a
इनामदार ना. स.
245
_a
झुंज
260
_b
कॉन्टीनेन्टल प्रकाशन
_c
1998
300
_a
620
600
_a
इनामदार ना. स.
630
_a
झुंज
700
_a
इनामदार ना. स.
730
_a
झुंज
942
_c
BOOK
999
_c
337363
_d
337363